000 01165nam a2200325Ia 4500
001 ebr10279499
003 CaPaEBR
006 m u
007 cr cn|||||||||
008 870331s1988 nyu sb 000 0 eng d
010 _z 87007978
020 _z0195049705 (alk. paper)
020 _z0195049713 (pbk. : alk. paper)
020 _z9780195049718
040 _aCaPaEBR
_cCaPaEBR
035 _a(OCoLC)252699455
050 1 4 _aQ175
_b.T485 1988eb
082 0 4 _a501
_219
245 0 0 _aTheories of explanation
_h[electronic resource] /
_cedited by Joseph C. Pitt.
260 _aNew York :
_bOxford University Press,
_c1988.
300 _a222 p.
504 _aIncludes bibliographies.
533 _aElectronic reproduction.
_bPalo Alto, Calif. :
_cebrary,
_d2009.
_nAvailable via World Wide Web.
_nAccess may be limited to ebrary affiliated libraries.
650 0 _aExplanation.
650 0 _aScience
_xPhilosophy.
655 7 _aElectronic books.
_2local
700 1 _aPitt, Joseph C.
710 2 _aebrary, Inc.
856 4 0 _uhttp://site.ebrary.com/lib/rucke/Doc?id=10279499
_zAn electronic book accessible through the World Wide Web; click to view
999 _c4539
_d4539